000 01035nam0a22003011 4500
001 v19\rc\1774405
005 20260405154734.0
035 _a(NLR Aleph) 005250171
090 _a5795534
_c5795534
100 _a20061204d1904 |||y0rusy50 ca
101 0 _arus
102 _aRU
105 _aa z |||||
200 1 _aГоре матери-посадницы
_e(Из двин. и новгор. преданий)
_fЕ. Волкова
210 _aМосква
_cКн. дело
_d1904
215 _a44 с.
_cил.
_d23
225 1 _aДля школ и домашнего чтения
300 _aНа обл. дата: 1903
532 1 3 _aГоре матери-посадницы
700 1 _8rus
_7ca
_aВолкова
_bЕ. Ф.
_cписательница
_3RU\NLR\AUTH\7765652
_948581
801 2 _aRU
_bNLR
_c20080619
_2rusmarc
801 0 _aRU
_bNLR
_c20061204
_gpsbo
801 0 _aRU
_bRuMoRGB
_c20061204
_2psbo
801 1 _aRU
_bProSoft-M
_c20061204
_2rusmarc
852 _aNLR
_j34.87.2.460
942 _cBOOK
980 _aNB